Louis de Funès - Choix Multiples - Statistiques

Statistiques générales
  • Ce quiz a été pris 869 fois
  • Le résultat moyen est 10 sur 16
Statistiques - réponses
Question Réponse % Correct
Aux côtés de quel célèbre acteur joua dans "La Traversée de Paris" et "Le Corniaud" ? Bourvil
84%
Dans quel film incarne-t-il le personnage de Charles Duchemin ? L'Aile ou la Cuisse
84%
En quelle année est-il décédé ? 1983
81%
Parmi les personnages suivants, lequel n'a jamais été interprété par Louis de Funès ? François Pignon
76%
Parmi les propositions suivantes, laquelle n'est pas un film de la série de films "Les Gendarmes" ? Le Gendarme en vacances
75%
Combien de films composent la saga "Fantômas" ? 3
74%
Dans la pratique de quel instrument excellait-il ? Le piano
71%
Quelle actrice joua aux côtés de Louis de Funès dans 9 longs métrages, formant un duo mythique du cinéma français ? Claude Gensac
66%
En quelle année Louis de Funès est-il né ? 1914
65%
De quel pays ses parents étaient-ils originaires ? Espagne
65%
Parmi ces films, lequel occupe la 5ème place dans la liste des plus gros succès du box-office en France ? La Grande vadrouille
63%
Quelle est la cause de son décès ? Infarctus
62%
Avec quel film Louis de Funès se hissa-t-il au 1er rang du box-office français, pour la toute première fois de sa carrière ? Le Gendarme de Saint-Tropez
62%
Quel fut le dernier film de Louis de Funès ? Le Gendarme et les Gendarmettes
61%
Quelle profession a-t-il exercée durant sa jeunesse ? Fourreur
28%
Dans combien de films a-t-il joué (environ) ? 140
23%
Aucun quiz correspondant
Distribution des résultats
% des personnes avec chaque résultat
Percentile par nombre de réponses
Votre historique - résultats
Vous n’avez pas pris ce quiz